• AIU
  • Tony Wilmot Memorial Library
Normal view MARC view

Entry Personal Name

Number of records used in: 1

001 - CONTROL NUMBER

  • control field: 23342

003 - CONTROL NUMBER IDENTIFIER

  • control field: OSt

005 - DATE AND TIME OF LATEST TRANSACTION

  • control field: 20131023155012.0

008 - FIXED-LENGTH DATA ELEMENTS

  • fixed length control field: 131023|| aca||aabn | a|a d

040 ## - CATALOGING SOURCE

  • Original cataloging agency: OSt
  • Transcribing agency: OSt

100 ## - HEADING--PERSONAL NAME

  • Personal name: Collin, Dorothy.

670 ## - SOURCE DATA FOUND

  • Source citation: Work cat.: (OSt)0: Gaskell, Elizabeth Cleghorn, 1810-1865. 23341, North and South /, [1986], c1994